000 00799nas a2200241 4500
001 BR7502342
003 BR-BrBNA
005 20231205082817.0
007 ta
008 230509b bl.|||p| |||| 00| 00por d
040 _aBR-BrBNA
_bpor
_cBiblioteca Nacional de Agricultura
041 _a(Pt)
072 _aF60
100 1 _aLucchesi, A.A.
100 1 _aMontenegro, A.W.S.
245 1 _aDeterminacao do grau de maturacao do abacate (Persea americana Miller.)atraves da utilizacao do pressometro
_bParte de tese
650 _aFisiologia vegetal
650 _aAbacate
650 _aMaturacao
773 0 _tAnais da Escola Superior de Agricultura Luiz de Queiroz (Brazil)
_xISSN 0071-1276
_g(1975), v. 32 p. 407-418
_wBR7502342
909 _a202311
_bLúcia
_c55
_dLúcia Elande
942 _2AGRIS
_n0
_cANA
999 _c94368
_d94368